All 3k+ Cities in Ablania - Statistics

General Stats
  • This quiz has been taken 21 times
  • The average score is 20 of 56
Answers on the Map
Answers color-coded by a green-red scale on the quiz's map according to % correct below.
 
Answer Stats
Population Answer % Correct
61,633 Shkodër
80%
389,323 Tirana
80%
40,665 Berat
60%
101,728 Durrës
60%
66,834 Elbasan
60%
52,926 Fier
60%
16,569 Gjirokastër
60%
15,643 Kukës
60%
14,687 Lezhë
60%
66,320 Vlorë
60%
4,113 Bajram Curri
40%
4,335 Bajzë
40%
4,944 Ballsh
40%
7,928 Burrel
40%
7,001 Cërrik
40%
17,877 Fushë-Krujë
40%
6,786 Gramsh
40%
61,739 Kamëz
40%
15,827 Kavajë
40%
43,254 Korçë
40%
8,921 Krujë
40%
12,629 Kuçovë
40%
12,854 Laç
40%
6,787 Librazhd
40%
26,036 Lushnjë
40%
3,668 Maliq
40%
4,297 Orikum
40%
14,710 Peshkopi
40%
17,371 Pogradec
40%
5,002 Rrogozhinë
40%
19,882 Sarandë
40%
5,710 Vau i Dejës
40%
7,287 Bilisht
20%
7,875 Bulqizë
20%
3,918 Çorovodë
20%
4,952 Delvinë
20%
6,713 Divjakë
20%
3,901 Himarë
20%
6,344 Klos
20%
4,814 Krumë
20%
11,442 Mamurras
20%
7,185 Manëz
20%
6,193 Milot
20%
12,255 Patos
20%
4,753 Peqin
20%
4,809 Përmet
20%
3,492 Poliçan
20%
5,049 Prrenjas
20%
4,078 Roskovec
20%
6,773 Rrëshen
20%
6,963 Shëngjin
20%
5,832 Shijak
20%
13,395 Sukth
20%
3,709 Tepelenë
20%
7,209 Ura Vajgurore
20%
8,969 Vorë
20%
No matching quizzes found
Score Distribution
Percent of People with Each Score
Percentile by Number Answered
Your Score History
You have not taken this quiz